Statistics for Trisha Paytas Quiz

Click here to take the quiz!

General Stats

  • This quiz has been taken 67 times
  • The average score is 10 of 20

Answer Stats

HintAnswer% Correct
What is Trishas daughters name?Malibu Barbie
95%
How did Trisha Paytas get famous?YouTube
78%
Trisha Paytas most popular songI love you Jesus
71%
How many albums does Trisha Paytas have?1
69%
What I Trishas favorite color?Pink
69%
How old is Trisha?35
67%
Is Trisha Paytas married?Yes
65%
Where does Trisha live?Los Angeles, California
64%
What did Trisha go on my strange addiction for?fake tanning
56%
What State was Trisha born in?California
55%
Where is she in her famous videos of her crying?Kitchen floor
53%
What is Trishas height?5'4
45%
What mental disorder was Trisha diagnosed with?(Not self-diagnosed)Borderline personality disorder
36%
What did she claim she identified as?Chicken nugget
33%
What is Trishas favorite food?Chicken nuggets
33%
What is Trisha's net worth?$12 million
29%
What belt does Trisha have in Taekwondo?second-degree black belt
18%
What mental disorder did Trisha self-diagnose themselves with?Multiple personality disorder
13%
What instrument does Trisha play?Banjo
9%
What did she name her dog?Mukbank Gucci
4%

Score Distribution

Percentile by Number Answered

Percent of People with Each Score

Your Score History

You have not taken this quiz